| 000 | 00457nam a22001337a 4500 | ||
|---|---|---|---|
| 082 |
_a510 _bSHA/O |
||
| 100 | _aSHARMA, R.D | ||
| 245 |
_aOBJECTIVE MATHEMATICS _bFOR IIT-JEE, AIEEE |
||
| 250 | _aREVISED EDITION | ||
| 260 |
_aDELHI _bDHANPAT RAI PUBLICATIONS _c2011 |
||
| 520 | _aFOR IIT-JEE, AIEEE AND ALL OTHER ENGINEERING ENTRANCE EXAMINATIONS. CONCEPT BUILDING, MCQ, ASSERTION REASON TYPE MCQS CHAPTER TEST | ||
| 650 |
_aMATHS REFERENCE _zINDIA |
||
| 942 | _cBK | ||
| 999 |
_c1318 _d1318 |
||